| 000 | 00642nam a2200193 a 4500 | ||
|---|---|---|---|
| 005 | 20210223123524.0 | ||
| 008 | 991125s1966 mx 000 0 spa u | ||
| 035 | _aUPN01000055201 | ||
| 049 | _aC | ||
| 050 | 4 |
_aQA47 _bC3.8 1966 |
|
| 100 | 1 |
_aCaballero Caballero, Arquímedes, _d1918-2004 |
|
| 245 | 1 | 0 |
_aTablas matemáticas / _cArquímedes Caballero, Lorenzo Martínez y Jesús Bernárdez. |
| 260 |
_aMéxico : _bEsfinge, _c1966. |
||
| 300 |
_a61 p. : _bil. |
||
| 650 | 4 |
_aMATEMATICAS - _vTABLAS, CALCULO, ETC. _919094 |
|
| 700 | 1 |
_aMartínez C., Lorenzo, _ecoaut. _929155 |
|
| 700 | 1 |
_aBernárdez G., Jesús, _ecoaut. _935864 |
|
| 905 | _aLibro | ||
| 999 |
_c55201 _d55201 |
||